000 00697nam a2200205Ia 4500
003 IN-BaIIA
008 211028s9999 xx s 000 0 eng d
020 _a978-2-7598-0721-5 (Online)
022 _a1633-4760 (Print)
022 _a1638-1963 (Online)
040 _cIIA Library
100 _aMayet, F., ed.
_938221
245 0 _aCYGNUS 2011: Third International Conference on Directional Detection of Dark Matter
_h[eBook]
260 _aFrance
_bEDP Sciences
_c2012
300 _a181p.
490 _aEAS Publications Series
700 _aSantos, D.
_938222
856 _uhttps://www.eas-journal.org/articles/eas/abs/2012/01/contents/contents.html
_yClick Here to Access eBook
942 _cEB
999 _c20647
_d20647